[Event "Pamplona Sub zt 2.3"]
[Site "Pamplona"]
[Date "2012.11.07"]
[Round "5"]
[White "Tobar, Juan Carlos"]
[Black "Barros, Raul Junior"]
[Result "1-0"]
[WhiteElo "2041"]
[BlackElo "2217"]
[PlyCount "91"]
[EventDate "2012.11.05"]
[EventType "swiss"]
[EventRounds "9"]
[EventCountry "COL"]
[SourceTitle "EXT 2013"]
[Source "ChessBase"]
[SourceDate "2012.11.22"]
[SourceVersion "1"]
[SourceVersionDate "2012.11.22"]
[SourceQuality "1"]

1. d4 Nf6 2. Nf3 g6 3. Bf4 Bg7 4. e3 0-0 5. h3 d6 6. Be2 b6 7. 0-0 Bb7 8. c4 Nbd7 9. Nc3 c5 10. Re1 Rc8 11. Rc1 Re8 12. d5 Nf8 13. Rc2 h6 14. Bh2 g5 15. Rd2 Rb8 16. Bd3 Bc8 17. g4 Ng6 18. Qc2 Rf8 19. Bf5 Nd7 20. Qe4 Nge5 21. Nxe5 Nxe5 22. f4 Nd7 23. Bg3 Bf6 24. Qh1 Kg7 25. Rh2 Rh8 26. h4 Qg8 27. Ree2 Nf8 28. hxg5 hxg5 29. Rxh8 Qxh8 30. Rh2 Qg8 31. Ne4 Bxf5 32. gxf5 Nh7 33. Rg2 Kf8 34. fxg5 Bxg5 35. Bf4 f6 36. Nxd6 exd6 37. Bxd6+ Kg7 38. Qh5 Kh8 39. Rxg5 Qe8 40. Qxe8+ Rxe8 41. Rg3 Ng5 42. Bc7 Re7 43. d6 Rd7 44. Rxg5 fxg5 45. e4 Kg8 46. e5 1-0

[Event "Pamplona Sub zt 2.3"]
[Site "Pamplona"]
[Date "2012.11.05"]
[Round "1"]
[White "Tobar, Juan Carlos"]
[Black "Ruiz Aguilar, Pablo Alexander"]
[Result "0-1"]
[WhiteElo "2041"]
[BlackElo "2339"]
[PlyCount "78"]
[EventDate "2012.11.05"]
[EventType "swiss"]
[EventRounds "9"]
[EventCountry "COL"]
[SourceTitle "EXT 2013"]
[Source "ChessBase"]
[SourceDate "2012.11.22"]
[SourceVersion "1"]
[SourceVersionDate "2012.11.22"]
[SourceQuality "1"]

1. d4 Nf6 2. Nf3 e6 3. Bg5 c5 4. e3 Nc6 5. c3 Qb6 6. Qc1 Ne4 7. Bf4 d5 8. Bd3 Bd7 9. Nbd2 Nxd2 10. Qxd2 cxd4 11. exd4 Na5 12. 0-0 Bb5 13. Bc7 Qa6 14. Bxb5+ Qxb5 15. Bxa5 Qxa5 16. Ne5 Bd6 17. f4 0-0 18. Qe2 Qc7 19. Rf3 Rfe8 20. Rh3 g6 21. Rf1 Bf8 22. g4 f6 23. Nd3 Bg7 24. Re3 Qc6 25. Re1 Kf7 26. f5 exf5 27. Re7+ Rxe7 28. Qxe7+ Kg8 29. gxf5 Bf8 30. Qe2 gxf5 31. Qh5 Qd7 32. Nf4 Bd6 33. Kh1 Bxf4 34. Rf1 Bc7 35. Rxf5 Re8 36. Rxf6 Re1+ 37. Kg2 Qg7+ 38. Kf2 Qg1+ 39. Kf3 Re3# 0-1

[Event "Bogota op 10"]
[Site "Bogota"]
[Date "2012.10.15"]
[Round "5"]
[White "Guerrero Sierra, Juan Carlos"]
[Black "Tobar, Juan Carlos"]
[Result "1-0"]
[WhiteElo "2255"]
[BlackElo "2063"]
[PlyCount "58"]
[EventDate "2012.10.11"]
[EventType "swiss"]
[EventRounds "9"]
[EventCountry "COL"]
[SourceTitle "EXT 2013"]
[Source "ChessBase"]
[SourceDate "2012.11.22"]
[SourceVersion "1"]
[SourceVersionDate "2012.11.22"]
[SourceQuality "1"]

1. d4 g6 2. c4 Bg7 3. Nc3 d6 4. e4 Nc6 5. Be3 e5 6. Nge2 Nf6 7. d5 Ne7 8. f3 c6 9. Nc1 0-0 10. Qd2 a6 11. b4 Nh5 12. Nb3 cxd5 13. cxd5 Bd7 14. Rc1 f5 15. Na5 Nf6 16. Nxb7 Qb8 17. Nxd6 Qxb4 18. Nc4 fxe4 19. Rb1 Qxb1+ 20. Nxb1 exf3 21. Nc3 f2+ 22. Bxf2 Ng4 23. Bc5 Bh6 24. Qe2 Rae8 25. Nb6 Bf5 26. h3 Nf6 27. g4 Nd7 28. Bg2 Rf7 29. 0-0 Bf4 1-0

[Event "Puerto Boyaca op"]
[Site "Puerto Boyaca"]
[Date "2012.04.28"]
[Round "5"]
[White "Tobar, Juan Carlos"]
[Black "Pinzon, Jairo David"]
[Result "1-0"]
[WhiteElo "2060"]
[BlackElo "2210"]
[PlyCount "43"]
[EventDate "2012.04.26"]
[EventType "swiss"]
[EventRounds "10"]
[EventCountry "COL"]
[SourceTitle "CBM 148 Extra"]
[Source "ChessBase"]
[SourceDate "2012.06.22"]
[SourceVersion "1"]
[SourceVersionDate "2012.06.22"]
[SourceQuality "1"]

1. d4 e6 2. Nf3 Nf6 3. e3 b6 4. Bd3 Bb7 5. Nbd2 Be7 6. 0-0 0-0 7. c3 d6 8. e4 c5 9. Qe2 cxd4 10. cxd4 h6 11. e5 Nfd7 12. Ne4 dxe5 13. dxe5 Nc5 14. Nxc5 Bxc5 15. Bf4 a5 16. Rad1 Qe7 17. Bb1 f5 18. exf6 Qxf6 19. Be5 Bxf3 20. gxf3 Qxf3 21. Qxf3 Rxf3 22. Be4 1-0

[Event "COL-ch sf"]
[Site "Santa Rosa"]
[Date "2011.06.25"]
[Round "7"]
[White "Tobar, Juan Carlos"]
[Black "Duque, Arnel Alberto"]
[Result "1/2-1/2"]
[WhiteElo "2062"]
[BlackElo "1919"]
[PlyCount "98"]
[EventDate "2011.06.22"]
[EventType "swiss"]
[EventRounds "11"]
[EventCountry "COL"]
[SourceTitle "CBM 143 Extra"]
[Source "ChessBase"]
[SourceDate "2011.08.29"]
[SourceVersion "1"]
[SourceVersionDate "2011.08.29"]
[SourceQuality "1"]

1. g3 d5 2. Bg2 e6 3. d3 Bd6 4. Nc3 c6 5. e4 d4 6. Nce2 e5 7. Nf3 f6 8. 0-0 Be6 9. c3 c5 10. cxd4 exd4 11. Nd2 Nc6 12. f4 Qd7 13. e5 fxe5 14. Ne4 Nf6 15. f5 Bf7 16. Nxf6+ gxf6 17. g4 0-0-0 18. Ng3 Be7 19. Ne4 h6 20. Bd2 c4 21. Rc1 cxd3 22. Ba5 Rdg8 23. g5 hxg5 24. Qxd3 Kb8 25. Qb5 a6 26. Nxf6 Bxf6 27. Bxc6 Qxc6 28. Rxc6 axb5 29. Rxf6 Bxa2 30. Re1 Rc8 31. Rxe5 Rc1+ 32. Kg2 Rc2+ 33. Kg3 Rxb2 34. Rd6 Rbxh2 35. Bb6 d3 36. Re7 R8h3+ 37. Kg4 Rh4+ 38. Kxg5 Rh5+ 39. Kf4 R5h4+ 40. Kg5 Rh8 41. Red7 Rg2+ 42. Kf4 Rgg8 43. Rxd3 Rc8 44. Bd4 Rh4+ 45. Kg5 Re4 46. Bb6 Rg8+ 47. Kf6 Rf8+ 48. Kg5 Rg8+ 49. Kf6 Rf8+ 1/2-1/2

[Event "COL-ch sf"]
[Site "Santa Rosa"]
[Date "2011.06.24"]
[Round "5"]
[White "Leal Cortes, Diego Fernando"]
[Black "Tobar, Juan Carlos"]
[Result "0-1"]
[WhiteElo "1875"]
[BlackElo "2062"]
[PlyCount "38"]
[EventDate "2011.06.22"]
[EventType "swiss"]
[EventRounds "11"]
[EventCountry "COL"]
[SourceTitle "CBM 143 Extra"]
[Source "ChessBase"]
[SourceDate "2011.08.29"]
[SourceVersion "1"]
[SourceVersionDate "2011.08.29"]
[SourceQuality "1"]

1. e4 g6 2. d4 Bg7 3. Nc3 d6 4. f4 e6 5. Nf3 Ne7 6. Be3 Nd7 7. Qd2 a6 8. Bc4 b5 9. Bb3 Bb7 10. a3 Nf6 11. d5 exd5 12. exd5 Nf5 13. 0-0-0 0-0 14. Bg1 Re8 15. Bf2 Qd7 16. h3 a5 17. a4 b4 18. Nb5 Ne4 19. Qe1 Neg3 0-1

[Event "Pan American Continental"]
[Site "Cali"]
[Date "2010.11.17"]
[Round "1"]
[White "Tobar, Juan Carlos"]
[Black "Vittorino, Carlo Giovanni"]
[Result "0-1"]
[WhiteElo "2016"]
[BlackElo "2305"]
[PlyCount "80"]
[EventDate "2010.11.17"]
[EventType "swiss"]
[EventRounds "9"]
[EventCountry "COL"]
[SourceTitle "CBM 139 Extra"]
[Source "ChessBase"]
[SourceDate "2011.01.05"]
[SourceVersion "1"]
[SourceVersionDate "2011.01.05"]
[SourceQuality "1"]

1. g3 e5 2. Bg2 Nc6 3. d3 d5 4. Nc3 Bb4 5. Bd2 Nf6 6. e4 Bg4 7. f3 Be6 8. Nge2 Qd7 9. a3 Be7 10. Bg5 d4 11. Nb1 0-0-0 12. Bxf6 Bxf6 13. 0-0 Be7 14. Nd2 g5 15. b4 h5 16. Rf2 a6 17. Qb1 f6 18. b5 axb5 19. Qxb5 h4 20. Rb1 b6 21. Nc4 Nb8 22. a4 Qxb5 23. axb5 hxg3 24. hxg3 Bxc4 25. dxc4 Bc5 26. Nc1 d3 27. Nxd3 Bxf2+ 28. Kxf2 Rd4 29. Rb4 Nd7 30. Ra4 Kb7 31. Ke3 Rh2 32. Bf1 Rxc2 33. Ra3 Rdxc4 34. Be2 Nc5 35. Nxc5+ Rxc5 36. Bd3 R2c3 37. Ra2 Rxb5 38. Kd2 Rbb3 39. Ba6+ Kb8 40. Be2 Rxf3 0-1